Participación en el futuro /
El desarrollo del ser humano a través de la adolescencia. Formación del feto en el vientre materno. La pubertad: el desarrollo de los órganos sexuales. El apareamiento de los gametos masculino y femenino.
Guardado en:
| Autor Principal: | |
|---|---|
| Formato: | |
| Series: | El Cuerpo Viviente
|
| Materias: | |
| Etiquetas: |
Agregar Etiqueta
Sin Etiquetas, Sea el primero en etiquetar este registro!
|
| LEADER | 01077ngm a22003015g 4500 | ||
|---|---|---|---|
| 001 | CEM.cems021706 | ||
| 008 | 130507b1992##################0###0#####d | ||
| 005 | 20240904162140.0 | ||
| 245 | 1 | 0 | |a Participación en el futuro / |c Christiaan Barnard. |
| 300 | |a 25 | ||
| 490 | 0 | |a El Cuerpo Viviente | |
| 500 | |a En soporte VHS, consultar en ventanilla. | ||
| 520 | |a El desarrollo del ser humano a través de la adolescencia. Formación del feto en el vientre materno. La pubertad: el desarrollo de los órganos sexuales. El apareamiento de los gametos masculino y femenino. | ||
| 538 | |a Soporte: VHS - Norma: Pal N - Color - Grabación DRD 1992 - Hitachi=3917 | ||
| 100 | 1 | |a Barnard, Christiaan | |
| 082 | 6 | 1 | |/ BAR-4 |
| 653 | |a ANATOMIA | ||
| 653 | |a FISIOLOGIA | ||
| 653 | |a DESARROLLO HUMANO | ||
| 653 | |a BIOLOGIA | ||
| 653 | |a ADOLESCENCIA | ||
| 653 | |a PUBERTAD | ||
| 653 | |a EMBARAZO | ||
| 653 | |a FETO | ||
| 653 | |a ORGANOS SEXUALES | ||
| 653 | |a GAMETOS | ||
| 653 | |a NIVEL SECUNDARIO | ||
| 859 | |a CEMS |b BIB. CEMS - Depto. Recursos Didacticos |h 611 |i BAR-4 |k DRD |p 349.12 |t Ej.1 | ||
